000
00246nam a2200109Ia 4500
008
190216s9999||||xx |||||||||||||| ||und||
100
_a
Ananda Kuttan
245
0
_a
Ashareeri
260
_b
Veenus Press
650
_a
Malayalam Nadakam
942
_c
BK
999
_c
24278
_d
24278